000
00214nam a2200085Ia 4500
245
0
_a
Ruth First
100
_a
PINNOCK, Don Pretoria, 1997
_9
102571
942
_c
BK
008
210818s9999 xx 000 0 und d
999
_c
446728
_d
446727